000
00287nam a22001337a 4500
082
_a
920
_b
KRI/M
100
_a
KRISHNAMURTHY,BABU
245
_a
MADAM BHIKAIJI RUSTUM CAMA
250
_a
FIRST
260
_a
BANGALORE
_c
2003
300
_a
45
650
_a
BIOGRAPHY
_z
BANGALORE
942
_c
BK
999
_c
6158
_d
6158